00391nam a22001457a 450000500170000000800410001702000150005804100120007308200130008510000120009824500400011026000400015030000290019065000260021920240823061847.0240823b |||||||| |||| 00| 0 eng d a9991679103 aEnglish a349 NAM  lEnglish aThe Namibian Labour Law Publication aWindhoek: bE.R.C (Pty) Ltd, c2002 bxi, 414 pages; c25 cm.  aLegal practice bLaw